| 000 | 00606nam a2200193Ia 4500 | ||
|---|---|---|---|
| 003 | LK-CoDNM | ||
| 008 | 010623t1998 xxu||||| |||| 00| 1 sin d | ||
| 040 |
_aLK-CoDNM _dLK-CoDNM _eLK-CoDNM |
||
| 041 | _asin | ||
| 080 |
_a37 _bHET |
||
| 100 | _aHettiarachchi, Kumaradasa | ||
| 245 | _aඅධ්යාපන සැලසුමිකරණය හා ශිෂ්ය ව්යාපෘතිය | ||
| 246 | _aAdyaapana Selasumkaranaya haa Shshya Viyapruthiya | ||
| 260 |
_bS.Godage Brothers _aColombo _c1998 |
||
| 300 | _b203, 22 cm | ||
| 650 | _aEducation | ||
| 650 | _aProject | ||
| 942 | _cBK | ||
| 999 |
_c118743 _d118743 |
||